Predpoklady rozvoja malých a stredných podnikov na Slovensku s ohľadom na vstup do Európskej únie dizertačná práca

Salvato in:
Dettagli Bibliografici
Autore principale: Szárazová, Beata
Ente Autore: Ekonomická univerzita v Bratislave. Obchodná fakulta
Altri autori: Strážovská, Helena
Natura: Libro
Lingua:slovacco
Pubblicazione: Bratislava 2003
Soggetti:
Tags: Aggiungi Tag
Nessun Tag, puoi essere il primo ad aggiungerne!!

MARC

LEADER 00000nam$a2200000$$$4500
001 0100010
005 20240104094849.3
041 0 |a slo 
044 |a SK 
245 1 0 |a Predpoklady rozvoja malých a stredných podnikov na Slovensku s ohľadom na vstup do Európskej únie  |b dizertačná práca  |c Beata Szárazová ; škol. Helena Strážovská 
264 1 |a Bratislava  |c 2003 
300 |a 167 s. 
610 2 0 |a rozvoj podniku 
610 2 0 |a podnik malý 
610 2 0 |a podnik stredný 
610 2 0 |a Slovensko 
610 2 0 |a Európska únia 
100 1 |a Szárazová, Beata 
700 1 |a Strážovská, Helena 
710 2 |a Ekonomická univerzita v Bratislave. Obchodná fakulta